Tối ưu hóa Quy hoạch tuyến tính và rời rạc
Sách trình bày những kết quả cơ bản trong hai lĩnh vực tối ưu hóa quan trọng là quy hoạch tuyến tính và tối ưu hóa rời rạc
Na minha lista:
| Autor principal: | |
|---|---|
| Formato: | Livro |
| Idioma: | Undetermined |
| Publicado em: |
Hà Nội
Giáo Dục
1996
|
| Assuntos: | |
| Tags: |
Adicionar Tag
Sem tags, seja o primeiro a adicionar uma tag!
|
| Thư viện lưu trữ: | Trung tâm Học liệu Trường Đại học Cần Thơ |
|---|
| LEADER | 00761nam a2200205Ia 4500 | ||
|---|---|---|---|
| 001 | CTU_17063 | ||
| 008 | 210402s9999 xx 000 0 und d | ||
| 020 | |c 13500 | ||
| 082 | |a 519.3 | ||
| 082 | |b Ngh301 | ||
| 100 | |a Nguyễn, Đức Nghĩa | ||
| 245 | 0 | |a Tối ưu hóa | |
| 245 | 0 | |b Quy hoạch tuyến tính và rời rạc | |
| 245 | 0 | |c Nguyễn Đức Nghĩa | |
| 260 | |a Hà Nội | ||
| 260 | |b Giáo Dục | ||
| 260 | |c 1996 | ||
| 520 | |a Sách trình bày những kết quả cơ bản trong hai lĩnh vực tối ưu hóa quan trọng là quy hoạch tuyến tính và tối ưu hóa rời rạc | ||
| 650 | |a mathematical optimization | ||
| 980 | |a Trung tâm Học liệu Trường Đại học Cần Thơ | ||